000 00678cam a22002291 4500
001 sa 66000259
003 DLC
005 20260227112214.0
008 781013s1964 ii 000 0 eng
010 _asa 66000259
035 _a(OCoLC)4291387
040 _aDLC
_cMeB
_dDLC
042 _apremarc
050 0 0 _aBL1146.T76
_bS5
100 1 _aSharma, S. R.
_q(Shripad Rama),
_d1879-
245 1 0 _aTukaram's teachings
_c[by] S. R. Sharma.
250 _a[1st ed.]
260 _aBombay,
_bBharatiya Vidya Bhavan,
_c1964.
300 _avii, 60 p.
_c19 cm.
440 0 _aBhavan's book university.
_vRupee series, 25
600 0 0 _aTukārāma,
_dapproximately 1608-approximately 1649.
999 _c67159
_d67159